1082 1007 1574 1970 1372 1577 1206 1660 1276 1157 1511 1822 1223 1998 1967 1545 1966 1615 1405 1299 1976 1163 1118 1848 1091 1306 1487 1429 1461 1875 1339 1477 1973 1845 1676 1155 1020 1833 1141 1533 1685 1836 1968 1882 1692 1856 1176 1336 1424 1527 1325 1751 1000 1485 1264 1375 1858 1119 1476 1254 1758 1198 1443 1082 1716 1966 1291 1387 1299 1433 1890 1512 1019 1573 1633 1663 1938 1324 1396 1247 1016 1152 1929 1599 1411 1791 1841 1048 1935 1355 1449 1958 1880 1768 1688 1387 1227 1011 1078 BCNSPRNW ULIB Ver.6.0+V

เปลี่ยนเป็นภาษาไทย

Change to English
 แสดงรายละเอียดบรรณานุกรม
  กลับหน้าหลัก

Brief Record : Get Marc (ISO 2709) : E-mail record : QR code < ปิดหน้าต่าง
LEADER : 00000nam 2200000uu 4500
001    13399122838
003     ULIB
008    131015s2545||||th 000 0 tha d
020    ^a9789744460332
090    ^aนว^bพ187พ ล.4
100 0  ^aพนมเทียน
245 10 ^aอาถรรพณ์นิทรานคร เล่ม 4 (เพชรพระอุมา) /^cพนมเทียน
250    ^aพิมพ์รวมเล่มครั้งที่ 4
260    ^aกรุงเทพฯ :^bณ บ้านวรรณกรรม,^c2545
300    ^a442 หน้า
505 00 ^a^gล.1-4^tไพรมหากาฬ --^gล.5-8^tดงมรณะ -- ^gล.9-12^tจอมผีดิบมันตรัย -- ^gล.13-16^tอาถรรพณ์นิทรานคร -- ^gล.17-20^tป่าโลกล้านปี -- ^gล.21-24^tแงซายจอมจักรา -- ^gล.25-28^tจอมพราน -- ^gล.29-32^tไอ้งาดำ -- ^gล.33-36^tจิตรางคนางค์-- ^gล.37-40^tนาคเทวี -- ^gล.41-44^tแด่ปางบรรพ์ -- ^gล.45-48^tมงกุฎไพร
650  4 ^aนวนิยายไทย
945    ^p200^l0^i034066
999    ^aเกษร โพธิ์สุวรรณ
รายการนี้ยังไม่มีแท็ก
คุณยังไม่ได้ล็อกอิน คุณสามารถมีกิจกรรมร่วมกับเว็บไซต์ได้ แต่ต้องล็อกอินก่อน ::
  ล็อกอิน

รายการสื่อสารสนเทศ

ลำดับที่ ประเภท เลขเรียก/บาร์โค้ด สถานที่ สถานะ
1. นวนิยาย
นวนิยาย
นว พ187พ ล.4  
  Barcode: 034066
ห้องสมุดวิทยาเขตสวรรค์ประชารักษ์
►นวนิยาย
บนชั้น
  ขอยืม

รายการใกล้เคียง
    ผู้แต่ง [พนมเทียน]

    หัวเรื่อง [นวนิยายไทย]

BibComment


ยังไม่เคยถูกคอมเมนท์

คอมเมนท์ทรัพยากรรายการนี้
  คอมเมนท์: อาถรรพณ์นิทรานคร..


 Copyright 2026. Bcnsprnw @Library